Fundamental Mathematics for Business (Record no. 924)

MARC details
005 - DATE AND TIME OF LATEST TRANSACTION
control field 20250319090144.0
020 ## - INTERNATIONAL STANDARD BOOK NUMBER
International Standard Book Number 0-02-374820-6
082 ## - DEWEY DECIMAL CLASSIFICATION NUMBER
Classification number 512 MAG
100 ## - MAIN ENTRY--PERSONAL NAME
Author name MAGLIO, R.
245 ## - TITLE STATEMENT
Title Fundamental Mathematics for Business
260 ## - PUBLICATION, DISTRIBUTION, ETC.
Place of publication, distribution, etc. New York,
Name of publisher, distributor, etc. Macmillan Publishing Campany,
Date of publication, distribution, etc. 1985.
300 ## - PHYSICAL DESCRIPTION
Extent x, 672p.: ill.; figure,table,
Other physical details index,
Dimensions 27cm.
700 ## - ADDED ENTRY--PERSONAL NAME
Other authors/Editors DLATT, J. P.
942 ## - ADDED ENTRY ELEMENTS (KOHA)
Source of classification or shelving scheme Dewey Decimal Classification
Koha item type Books
Holdings
Date last seen Total checkouts Full call number Barcode Cost, replacement price Price effective from Koha item type Lost status Source of classification or shelving scheme Damaged status Not for loan Withdrawn status Home library Current library Shelving location Date acquired Cost, normal purchase price
03/19/2025   512 MAG 0000003710 45000.00 03/19/2025 Books   Dewey Decimal Classification       College of Business Education Main Library College of Business Education Main Library General Collection 03/19/2025 15000.00
03/19/2025   512 MAG 0000003711 45000.00 03/19/2025 Books   Dewey Decimal Classification       College of Business Education Main Library College of Business Education Main Library General Collection 03/19/2025 15000.00
03/19/2025   512 MAG 0000003712 45000.00 03/19/2025 Books   Dewey Decimal Classification       College of Business Education Main Library College of Business Education Main Library General Collection 03/19/2025 15000.00
03/19/2025   512 MAG 0000003713 45000.00 03/19/2025 Books   Dewey Decimal Classification       College of Business Education Main Library College of Business Education Main Library General Collection 03/19/2025 15000.00
03/19/2025   512 MAG 0000003714 45000.00 03/19/2025 Books   Dewey Decimal Classification       College of Business Education Main Library College of Business Education Main Library General Collection 03/19/2025 15000.00